Municipios de Granada, España - Estadísticas

Estadísticas generales
  • Esta prueba ha sido intentada 415 veces
  • La puntuación promedio es 51 de 174
Respuestas en el mapa
Las respuestas están codificadas por una escala verde-roja en el mapa de la prueba según el % correcto abajo.
 
Estadísticas de respuestas
Municipality % Correcto
Granada
90%
Motril
90%
Almuñécar
85%
Baza
79%
Guadix
79%
Armilla
78%
Loja
77%
Salobreña
77%
Albolote
68%
Lanjarón
66%
Huétor Vega
64%
Maracena
64%
Santa Fe
64%
Huétor Tájar
62%
Alhama de Granada
57%
Las Gabias
56%
Peligros
55%
La Zubia
54%
Monachil
53%
Pampaneira
52%
Ogíjares
51%
Pinos Puente
51%
Atarfe
50%
Churriana de la Vega
50%
Alfacar
49%
Órgiva
49%
Padul
49%
Dúrcal
48%
Cúllar
47%
Soportújar
46%
Chauchina
44%
Jun
44%
Alhendín
43%
Iznalloz
43%
Montefrío
43%
Cenes de la Vega
42%
Fuente Vaqueros
42%
Albuñol
41%
Huéscar
41%
Huétor de Santillán
40%
Pulianas
40%
Capileira
37%
Trevélez
37%
Dílar
36%
Íllora
36%
Cájar
35%
Gor
35%
Dólar
34%
La Malahá
34%
Torrenueva Costa
34%
Villa de Otura
34%
Chimeneas
32%
Beas de Granada
31%
Bubión
31%
Castril
31%
Lecrín
31%
Nevada
31%
Pinos Genil
31%
Víznar
31%
Cogollos de la Vega
30%
Vélez de Benaudalla
30%
Cúllar Vega
29%
Polopos
29%
Puebla de Don Fadrique
29%
Purullena
29%
Benalúa
28%
Deifontes
28%
Gójar
28%
Salar
28%
Vegas del Genil
28%
Bérchules
27%
Beas de Guadix
26%
El Valle
26%
Güéjar Sierra
26%
Güevéjar
26%
Láchar
26%
Orce
26%
Zújar
26%
Caniles
25%
El Pinar
25%
Gorafe
25%
Moclín
25%
Nigüelas
25%
Zafarraya
25%
Darro
24%
Nívar
24%
Cijuela
23%
Diezma
23%
Jete
23%
La Calahorra
23%
Píñar
23%
Campotéjar
22%
Dúdar
22%
Galera
22%
Gualchos
22%
Otívar
22%
Quéntar
22%
Albondón
21%
Albuñuelas
21%
Calicasas
21%
Colomera
21%
La Peza
21%
Los Guájares
21%
Molvízar
21%
Ugíjar
21%
Cortes de Baza
20%
Montillana
20%
Castilléjar
19%
Guadahortuna
19%
Ítrabo
19%
Jérez del Marquesado
19%
Montejícar
19%
Moraleda de Zafayona
19%
Pedro Martínez
19%
Aldeire
18%
Algarinejo
18%
Alpujarra de la Sierra
18%
Cacín
18%
Cádiar
18%
Huéneja
18%
Rubite
18%
Ventas de Huelma
18%
Villanueva de Mesía
18%
Arenas del Rey
17%
Busquístar
17%
Cogollos de Guadix
17%
Cuevas del Campo
17%
Jayena
17%
Torvizcón
17%
Agrón
16%
Benamaurel
16%
Cortes y Graena
16%
Ferreira
16%
Fonelas
16%
Gobernador
16%
Murtas
16%
Válor
16%
Alamedilla
15%
Alquife
15%
Cáñar
15%
Dehesas de Guadix
15%
Domingo Pérez de Granada
15%
Escúzar
15%
Freila
15%
Juviles
15%
La Taha
15%
Lújar
15%
Sorvilán
15%
Torre-Cardela
15%
Zagra
15%
Alicún de Ortega
14%
Benalúa de las Villas
14%
Dehesas Viejas
14%
Lentegí
14%
Santa Cruz del Comercio
14%
Albuñán
13%
Valderrubio
13%
Carataunas
12%
Lanteira
12%
Pórtugos
12%
Valle del Zalabí
12%
Villamena
12%
Villanueva de las Torres
12%
Almegíjar
11%
Fornes
11%
Huélago
11%
Marchal
11%
Morelábor
11%
Cástaras
10%
Játar
10%
Polícar
10%
Lugros
9%
Turón
9%
Lobras
8%
No se encontraron pruebas coincidentes
Distribución de puntuación
Porcentaje de gente con cada puntuación
Porcentaje por número respondido
Historial de tus puntuaciones
No has intentado esta prueba.